000 00619cam a2200145 4500500
005 20251228093426.0
041 _afre
042 _adc
100 1 0 _aLaruelle, Marlène
_eauthor
245 0 0 _aMark J. Sedgwick Against the Modern World Traditionalism and the Secret Intellectual History of the Twentieth Century Oxford, New York : Oxford University Press, 2004, 370p.
260 _c2005.
500 _a50
786 0 _nCahiers du monde russe | Vol 46 | 4 | 2005-11-01 | p. 859zm-990zm | 1252-6576
856 4 1 _uhttps://shs.cairn.info/revue-cahiers-du-monde-russe-2005-4-page-859zm?lang=fr&redirect-ssocas=7080
999 _c1604365
_d1604365